| 000 | 01432cam a2200397Ma 4500 | ||
|---|---|---|---|
| 001 | 51638 | ||
| 005 | 20230404125810.0 | ||
| 008 | 051107s2006 enkab sb 001 0 eng d | ||
| 010 | _a 2005031850 | ||
| 035 | _a(OCoLC)ocm94954452 | ||
| 040 |
_aUAB _cUAB |
||
| 020 | _a6610531145 (electronic bk.) | ||
| 020 | _a0195140737 (cloth) | ||
| 020 | _a9780195140736 (cloth) | ||
| 020 | _a9786610531141 (electronic bk.) | ||
| 035 | _a(OCoLC)94954452 | ||
| 043 |
_an-us--- _an------ _as------ |
||
| 050 | 1 | 4 |
_a002 E 441 _bD261i 2006 |
| 082 | 0 | 0 | _a306.3620973 |
| 100 | 1 | _aDavis, David Brion. | |
| 245 | 1 | 0 |
_aInhuman bondage : _bthe rise and fall of slavery in the New World / _cDavid Brion Davis. |
| 260 |
_aOxford, England ; _aNew York : _bOxford University Press, _c2006. |
||
| 504 | _aIncludes bibliographical references (p. [333]-413) and index. | ||
| 650 | 0 |
_aSlavery _zUnited States _xHistory. |
|
| 650 | 0 |
_aSlavery _zAmerica _xHistory. |
|
| 650 | 0 |
_aAntislavery movements _zUnited States _xHistory. |
|
| 650 | 0 |
_aAntislavery movements _zAmerica _xHistory. |
|
| 650 | 4 |
_aEsclavitud _xHistoria _zEstados Unidos |
|
| 650 | 4 |
_aEsclavitud _zEstados Unidos. |
|
| 650 | 4 |
_aMovimientos antiesclavistas _xHistoria _zEstados Unidos. |
|
| 650 | 4 |
_aMovimientos antiesclavistas _xHistoria _zAmérica. |
|
| 856 | 4 | 1 |
_3UA Internet Access _uhttp://www.myilibrary.com?id=53114 |
| 942 |
_2lcc _cbk |
||
| 946 | _aclperez | ||
| 994 |
_aC0 _bDRFGD |
||
| 999 |
_c4932 _d4932 |
||